[Event "Sachsen-Anhalt Landesliga A 18/19"]
[Site "Sachsen Anhalt"]
[Date "2018.10.21"]
[Round "2.8"]
[White "Walkiewicz, Danny"]
[Black "Gismann, Juergen"]
[Result "1/2-1/2"]
[WhiteElo "1633"]
[BlackElo "1734"]
[PlyCount "39"]
[EventDate "2018.09.23"]
[EventType "team-tourn"]
[EventRounds "9"]
[EventCountry "GER"]
[SourceTitle "EXT 2022"]
[Source "ChessBase"]
[SourceDate "2021.10.06"]
[SourceVersion "1"]
[SourceVersionDate "2021.10.06"]
[SourceQuality "1"]
[WhiteTeam "Burger Schwarz Weiss"]
[BlackTeam "Magdeburg USC II"]
[WhiteTeamCountry "GER"]
[BlackTeamCountry "GER"]

1. e4 g6 2. d4 Bg7 3. c4 d6 4. Nf3 Nc6 5. h3 e5 6. d5 Nce7 7. Nc3 f5 8. Bd3 f4 9. b4 Nf6 10. Bb2 0-0 11. c5 a6 12. a4 h6 13. Ba3 g5 14. b5 Ne8 15. Qb3 Ng6 16. Rb1 Kh8 17. b6 Rf7 18. bxc7 Qxc7 19. Qb6 Bf8 20. c6 1/2-1/2